Normal view
MARC view
Entry Personal Name
001 - CONTROL NUMBER
- control field: 132495
003 - CONTROL NUMBER IDENTIFIER
- control field: OSt
005 - DATE AND TIME OF LATEST TRANSACTION
- control field: 20220918214753.0
008 - FIXED-LENGTH DATA ELEMENTS
- fixed length control field: 220918|| aca||aabn | a|a d
040 ## - CATALOGING SOURCE
- Original cataloging agency: OSt
- Transcribing agency: OSt
100 ## - HEADING--PERSONAL NAME
- Personal name: USSR Ministers
670 ## - SOURCE DATA FOUND
- Source citation: Work cat.: (OSt)261947: USSR Ministers 132494, Cultural progress in the USSR, 1958
